|
|
|
|
| LEADER |
00000nam a2200000 a 4500 |
| 001 |
vtls001447436 |
| 003 |
SK-MaSNL |
| 005 |
20260302002202.0 |
| 008 |
160318s2002 xo 0 slo |
| 015 |
|
|
|a SNBG2003/02-00725
|
| 020 |
|
|
|a 8085327996
|
| 035 |
|
|
|a SNK000402694
|
| 040 |
|
|
|a SNK
|b slo
|c SNK
|e AACR2
|
| 041 |
0 |
|
|a slo
|
| 044 |
|
|
|a xo
|c SK
|
| 080 |
|
|
|a 793.7-053.5:087.5(084)
|2 2. slo
|
| 080 |
|
|
|a 087.5
|2 2. slo
|
| 110 |
0 |
|
|a Belimex Bratislava, Slovensko
|4 aut
|9 35143
|
| 245 |
1 |
|
|a Farbičky čarbičky
|h grafika
|b modrá knižka : zábavné úlohy pre malých školákov
|
| 260 |
|
|
|a Bratislava
|b Belimex
|c 2002
|
| 300 |
|
|
|a [64] s.
|b fareb. ilustr.
|c 29 cm
|
| 500 |
|
|
|a Obalový názov
|
| 650 |
0 |
7 |
|a maľovanky s textom
|2 SNK
|9 60447
|
| 650 |
0 |
7 |
|a hry zábavné
|x hádanky
|x hlavolamy
|x hračky knižné
|2 SNK
|9 312869
|
| 919 |
|
|
|a 80-85327-99-6
|
| 958 |
|
|
|a GOM
|
| 958 |
|
|
|a TL
|
| 958 |
|
|
|a DB
|
| 999 |
|
|
|c 986963
|d 988893
|
| 952 |
|
|
|t P60, <03>, [BOOK], {603}
|a SNK
|b SNK
|y PREZ
|7 0
|p 17A0371196
|o snkOSB 13506
|i snkKSP 374/2003
|0 0
|1 0
|4 0
|d 2003-01-14
|l 0
|r 2005-01-02 00:00:00
|w 2026-02-24
|
| 952 |
|
|
|t P60, <04>, [BOOK], {604}
|a SNK
|b SNK
|y VYP
|7 0
|p 17A0371197
|o snkOSB 13506 D1
|i snkKSP 375/2003
|0 0
|1 0
|4 0
|d 2003-01-14
|l 0
|r 2005-01-02 00:00:00
|w 2026-02-24
|